| 000 | 00715cam a2200217 i 4500 | ||
|---|---|---|---|
| 999 |
_c58121 _d58121 |
||
| 001 | 19334766 | ||
| 005 | 20221108160542.0 | ||
| 008 | 161014s2018 caua b 001 0 eng | ||
| 020 | _a9781506377858 X | ||
| 041 | _aeng | ||
| 080 | _a159.922.7 L-62 | ||
| 100 | 1 |
_aLevine, Laura E. _e _96569 |
|
| 245 | 1 | 0 |
_aChild development : _ban active learning approach / _cLaura E. Levine, Joyce Munsch. |
| 250 | _aThird edition. | ||
| 264 | 1 |
_aLos Angeles : _bSAGE, _c2018. |
|
| 300 |
_a622 pages : _bcolor illustations; _c27 cm. |
||
| 653 | _aბავშვთა ფსიქოლოგია | ||
| 653 | _aДетская психология | ||
| 700 | 1 |
_aMunsch, Joyce _eავტორი _96572 |
|
| 942 |
_2udc _cBK |
||